000 00326nam a22001457a 4500
008 230516b ||||| |||| 00| 0 eng d
020 _a1557756732
041 _aeng
080 _a37
082 _a37IQB
100 _a23
101 _aEDU
245 _aEXTERNAL FINANCE FOR LOW INCOME COUNTRIES
_cIQBAL.Z
942 _2udc
_cBK
999 _c59749
_d59749